• 首页
  • 本馆介绍
  • 公告通知
  • 最新文献
  • 馆藏检索
  • 电子资源
  • 读者导购
  • 参考咨询
  • 我的图书馆
  • 登录
  • 详细信息显示
  • 放入我的书架
  • 预约/预借图书
  • 作者相关作品
  • 分类相关作品
  • 丛书相关作品
  • 出版社相关作品

书目信息

  • 表格格式
  • 工作单格式
  • 卡片格式
题名:
我在台湾教语文
    
 
作者: 杨晓菁 著
分册: 9   阅读不偏食
出版信息: 北京   台海出版社  2019.3
页数: 168页
开本: 21cm
丛书名: 最美汉语
单 册:
中图分类: G633.302 , G633.332
科图分类:
主题词: 语文课--中小学--教学法 , 阅读课--中小学--教学法
电子资源:
ISBN: 978-7-5168-0562-6
000 01130nam 2200349 45
001 012001003098
005 20210923104556.74
010    @a978-7-5168-0562-6@dCNY29.80
099    @aCAL 012015130116
100    @a20150702d2015 de y0chiy0110 ea
101 0  @achi
102    @aCN@b110000
105    @ak z 000yy
106    @ar
200 1  @a我在台湾教语文@Awo zai tai wan jiao yu wen@h9@i阅读不偏食@f杨晓菁著
210    @a北京@c台海出版社@d2019.3
215    @a168页@c图@d21cm
225 2  @a最美汉语@Azui mei han yu
300    @a带你感受文化的、自由的、承前启后的语文教育
300    @a其他题名:阅读不偏食
306    @a五南图书出版股份有限公司授权
330    @a本书分为现代语文、古籍经典、古诗词三大部分,通过对30篇不同题型的文章进行分析来传授阅读方法,开启的阅读视野,提升阅读力。
410  0 @12001 @a最美汉语
461  0 @12001 @a最美汉语
517 1  @a阅读不偏食
606 0  @a语文课@x中小学@x教学法
606 0  @a阅读课@x中小学@x教学法
690    @aG633.302@v5
690    @aG633.332@v5
701  0 @a杨晓菁@Ayang xiao jing@4著
801    @aCN@bAHXH@c20210922
905    @b1283451-5@dG633.302@e923:9@f5
    
    我在台湾教语文.9.阅读不偏食/杨晓菁著.-北京:台海出版社,2019.3
    168页:图;21cm.-(最美汉语)
    带你感受文化的、自由的、承前启后的语文教育.-其他题名:阅读不偏食
    
    ISBN 978-7-5168-0562-6:CNY29.80
    本书分为现代语文、古籍经典、古诗词三大部分,通过对30篇不同题型的文章进行分析来传授阅读方法,开启的阅读视野,提升阅读力。
●
相关链接 在E读中查询图书 在五车中查询图书 在当当中查询图书 在豆瓣中查询图书


正题名:我在台湾教语文     索取号:G633.302/923:9         预约/预借

序号 登录号 条形码 馆藏地/架位号 状态 备注
1 1283451   212834511   第一样本阅览室/ [索取号:G633.302/923:9] 在馆    
2 1283452   212834520   教育系资料室/ [索取号:G633.302/923:9] 在馆    
3 1283453   212834539   教育系资料室/ [索取号:G633.302/923:9] 在馆    
4 1283454   212834548   第四借阅区/ [索取号:G633.302/923:9] 在馆    
5 1283455   212834557   第四借阅区/ [索取号:G633.302/923:9] 在馆    
唐山师范学院图书馆 欢迎您!
大连网信软件有限公司© 版权所有